Réseaux de tramway allemands en images - Statistiques

Statistiques générales
  • Ce quiz a été pris 4 fois
  • Le résultat moyen est 5 sur 57
Statistiques - réponses
Par images Réponse % Correct
Frankfurt am Main
75%
Dresden
50%
Freiburg-im-Breisgau
50%
Köln
50%
Mannheim
50%
Berlin
25%
Heidelberg
25%
Heilbronn
25%
Jena
25%
Karlsruhe
25%
Leipzig
25%
München
25%
Nürnberg
25%
Potsdam
25%
Augsburg
0%
Bad Schandau
0%
Bielefeld
0%
Bochum
0%
Bonn
0%
Brandenburg an der Havel
0%
Braunschweig
0%
Bremen
0%
Chemnitz
0%
Cottbus
0%
Darmstadt
0%
Dessau-Roßlau
0%
Dortmund
0%
Duisburg
0%
Düsseldorf
0%
Erfurt
0%
Essen
0%
Frankfurt an der Oder
0%
Gera
0%
Görlitz
0%
Gotha
0%
Halberstadt
0%
Halle
0%
Hannover
0%
Kassel
0%
Krefeld
0%
Magdeburg
0%
Mainz
0%
Mülheim an der Ruhr
0%
Naumburg
0%
Nordhausen
0%
Oberhausen
0%
Plauen
0%
Rostock
0%
Saarbrücken
0%
Schöneiche bei Berlin
0%
Schwerin
0%
Strausberg
0%
Stuttgart
0%
Ulm
0%
Woltersdorf
0%
Würzburg
0%
Zwickau
0%
Aucun quiz correspondant
Distribution des résultats
% des personnes avec chaque résultat
Percentile par nombre de réponses
Votre historique - résultats
Vous n’avez pas pris ce quiz